Statistics for Central Asia and Middle East - Map Quiz

Click here to take the quiz!

General Stats

  • This quiz has been taken 147 times
  • The average score is 16 of 23

Answers on the Map

Answers color-coded by a green-red scale on the quiz's map according to % correct below.
 

Answer Stats

Answer% Correct
Kazakhstan
86%
Saudi Arabia
82%
Iraq
80%
Oman
80%
Israel
78%
Turkey
78%
Iran
77%
Yemen
75%
UAE
74%
Afghanistan
72%
Jordan
69%
Syria
69%
Qatar
68%
Kuwait
65%
Kyrgyzstan
65%
Lebanon
65%
Bahrain
63%
Turkmenistan
62%
Azerbaijan
60%
Tajikistan
58%
Uzbekistan
58%
Armenia
57%
Georgia
57%

Score Distribution

Percentile by Number Answered

Percent of People with Each Score

Your Score History

You have not taken this quiz